Otvorené šance pre samosprávu

Rozhovor s Mgr. Janou Tomášikovou, projektovou riaditeľkou spoločnosti Star EU. Aktuálne možnosti získavania finančných zdrojov pre samosprávu z fondov Európskej únie. Čerpanie fondov v nasledujúcich rokoch.

Gespeichert in:
Bibliographische Detailangaben
1. Verfasser: Tomašíkova, Jana
Format: Buchkapitel
Sprache:Slowakisch
Schlagworte:
Tags: Tag hinzufügen
Keine Tags, Fügen Sie das erste Tag hinzu!

MARC

LEADER 00000naa$a2200000$$$4500
001 0117108
005 20231005102517.7
041 0 |a slo 
044 |a SK 
245 1 0 |a Otvorené šance pre samosprávu  |c Autor rozhovoru redakcia, Tomašíkova Jana 
520 |a Rozhovor s Mgr. Janou Tomášikovou, projektovou riaditeľkou spoločnosti Star EU. Aktuálne možnosti získavania finančných zdrojov pre samosprávu z fondov Európskej únie. Čerpanie fondov v nasledujúcich rokoch. 
610 2 0 |a samospráva 
610 2 0 |a samospráva regionálna 
610 2 0 |a byrokracia 
610 2 0 |a ekonomika komunálna 
610 2 0 |a projekty investičné 
610 2 0 |a zdroje finančné 
610 2 0 |a euroregióny 
610 2 0 |a fond kohézny 
610 2 0 |a fondy štruktúrne 
100 1 |a Tomašíkova, Jana